|
|
|
|
| LEADER |
00000nam0a2200000 4500 |
| 001 |
144700 |
| 005 |
20231031143800.0 |
| 010 |
|
|
|a 5265017771
|
| 020 |
|
|
|a RU
|b 91-39570
|
| 035 |
|
|
|a (RuTPU)RU\TPU\book\156822
|
| 090 |
|
|
|a 144700
|
| 100 |
|
|
|a 20081007d1991 m y0rusy5003 ca
|
| 101 |
0 |
|
|a rus
|
| 102 |
|
|
|a RU
|
| 105 |
|
|
|a a z 000ay
|
| 200 |
1 |
|
|a Дороже денег
|e рассказы, повести
|f В. В. Митрохин
|g худож. А. А. Сема
|
| 210 |
|
|
|a Москва
|c Советский писатель
|d 1991
|
| 215 |
|
|
|a 412 с.
|c ил.
|
| 333 |
|
|
|a Исключено из фонда НТБ ТПУ
|
| 700 |
|
1 |
|a Митрохин
|b В. В.
|g Валерий Владимирович
|
| 702 |
|
1 |
|a Сема
|b А. А.
|4 440
|
| 801 |
|
0 |
|a RU
|b RuMRKP
|c 19950417
|g psbo
|
| 801 |
|
1 |
|a RU
|b 63413507
|c 20081007
|g PSBO
|
| 801 |
|
2 |
|a RU
|b 63413507
|c 20220516
|g PSBO
|
| 942 |
|
|
|c BK
|